MARC details
| 000 -LEADER |
| campo de control de longitud fija |
02240nac a2200349 a 4500 |
| 003 - IDENTIFICADOR DE NÚMERO DE CONTROL |
| campo de control |
CO-PeBPM |
| 005 - FECHA Y HORA DE LA ÚLTIMA TRANSACCIÓN |
| campo de control |
20250401202542.0 |
| 007 - CAMPO FIJO DE DESCRIPCIÓN FÍSICA--INFORMACIÓN GENERAL |
| campo de control de longitud fija |
ta |
| 008 - DATOS DE LONGITUD FIJA--INFORMACIÓN GENERAL |
| campo de control de longitud fija |
250401s2020 ck a|||| |||| 00| 0 spa d |
| 020 ## - NÚMERO INTERNACIONAL ESTÁNDAR DEL LIBRO |
| Número Internacional Estándar del Libro |
ISBN: 9789585138100 |
| 040 ## - FUENTE DE CATALOGACIÓN |
| Centro catalogador/agencia de origen |
CO-PeBPM |
| Lengua de catalogación |
spa |
| Centro/agencia transcriptor |
CO-PeBPM |
| Normas de descripción |
rda |
| 041 ## - CÓDIGO DE IDIOMA |
| Código de lengua del texto/banda sonora o título independiente |
spa |
| 082 04 - NÚMERO DE LA CLASIFICACIÓN DECIMAL DEWEY |
| Número de clasificación |
306.098 C965m |
| Número de edición |
22 |
| 100 10 - ENTRADA PRINCIPAL--NOMBRE DE PERSONA |
| Nombre de persona |
Cuevas Marín, Pilar |
| Término indicativo de función/relación |
autora |
| 245 10 - MENCIÓN DEL TÍTULO |
| Título |
Memoria colectiva, corporalidad y autocuidado |
| Resto del título |
: Rutas para una pedagogía Decolonial |
| Mención de responsabilidad, etc. |
/ Pilar Cuevas Marín, Judith Bautista Fajardo |
| 250 ## - MENCION DE EDICION |
| Mención de edición |
Segunda edición |
| 260 ## - PUBLICACIÓN, DISTRIBUCIÓN, ETC. |
| Lugar de publicación, distribución, etc. |
Bogotá, Colombia |
| Nombre del editor, distribuidor, etc. |
: Universidad Pedagógica Nacional |
| Fecha de publicación, distribución, etc. |
, 2020 |
| 300 ## - DESCRIPCIÓN FÍSICA |
| Extensión |
98 páginas |
| Dimensiones |
20 centímetros |
| 490 ## - MENCIÓN DE SERIE |
| Mención de serie |
Colección Rescate |
| 500 ## - NOTA GENERAL |
| Nota general |
Incluye índice |
| 500 ## - NOTA GENERAL |
| Nota general |
Contiene datos biográficos de las autoras al final del texto |
| 504 ## - NOTA DE BIBLIOGRAFÍA, ETC. |
| Nota de bibliografía, etc. |
Incluye Referencias Bibliográficas al final del texto |
| 520 ## - RESUMEN, ETC. |
| Sumario, etc. |
“Las profesoras Pilar Cuevas Marín y Judith Bautista Fajardo elaboran una propuesta pedagógica para comprender por qué estamos en una situación de sociedad atrapada en medio de torbellinos sin fin, destructores de la vida humana y de la naturaleza, no como un destino manifiesto inmodificable, sino como estructura social estratificada y centralizada, construida por siglos de colonialismo y colonialidad. Pilar y Judith no solo elaboran una teoría de comprensión e impugnación del sistema-mundo de dominación, sino que también diseñan rutas pedagógicas para indagar desde el cuerpo y el sistema energético las memorias inscritas en ellos, y llegan a develar su capacidad emancipatoria y de restitución del ser. De esta manera, el mundo de las pedagogías decoloniales abre una nueva perspectiva de entendimiento y creación de alternativas comunitarias de vida. Las corporeidades diversas irrumpen como lugares dinámicos de creación y de re-existencia”. |
| 650 14 - PUNTO DE ACCESO ADICIONAL DE MATERIA--TÉRMINO DE MATERIA |
| Término de materia o nombre geográfico como elemento de entrada |
Memoria colectiva |
| Fuente del encabezamiento o término |
LEMB |
| 650 14 - PUNTO DE ACCESO ADICIONAL DE MATERIA--TÉRMINO DE MATERIA |
| Término de materia o nombre geográfico como elemento de entrada |
Identidad cultural |
| Fuente del encabezamiento o término |
LEMB |
| 650 14 - PUNTO DE ACCESO ADICIONAL DE MATERIA--TÉRMINO DE MATERIA |
| Término de materia o nombre geográfico como elemento de entrada |
Pedagogía |
| Fuente del encabezamiento o término |
LEMB |
| 650 14 - PUNTO DE ACCESO ADICIONAL DE MATERIA--TÉRMINO DE MATERIA |
| Término de materia o nombre geográfico como elemento de entrada |
Sociología del conocimiento |
| Fuente del encabezamiento o término |
LEMB |
| 650 14 - PUNTO DE ACCESO ADICIONAL DE MATERIA--TÉRMINO DE MATERIA |
| Término de materia o nombre geográfico como elemento de entrada |
Desarrollo de la Memoria |
| Fuente del encabezamiento o término |
LEMB |
| 700 14 - ENTRADA AGREGADA--NOMBRE PERSONAL |
| Nombre de persona |
Bautista Fajardo, Judith |
| Término indicativo de función/relación |
autora |
| 942 ## - ELEMENTOS DE ENTRADA SECUNDARIOS (KOHA) |
| Fuente del sistema de clasificación o colocación |
Clasificación Decimal Dewey |
| Tipo de ítem Koha |
Libros |
| Suprimir en OPAC |
No |